Demonology roblox ghost types - Statistics

General Stats
  • This quiz has been taken 108 times
  • The average score is 19 of 23
Answer Stats
Ghosts % Correct
Demon
96%
Banshee
94%
Skinwalker
94%
Aswang
90%
Oni
90%
Dullahan
86%
Siren
86%
The Wisp
86%
Wendigo
86%
Nightmare
84%
Wraith
84%
Dybbuk
82%
Ghoul
82%
Vex
82%
Leviathan
80%
Spirit
80%
Phantom
78%
Umbra
78%
Entity
76%
Keres
76%
Shadow
74%
Revenant
72%
Specter
70%
No matching quizzes found
Score Distribution
Percent of People with Each Score
Percentile by Number Answered
Your Score History
You have not taken this quiz